Normal view
MARC view
- Childers, Richard L
Entry Personal Name
001 - CONTROL NUMBER
- control field: 103655
003 - CONTROL NUMBER IDENTIFIER
- control field: NUST
005 - DATE AND TIME OF LATEST TRANSACTION
- control field: 20221128095445.0
008 - FIXED-LENGTH DATA ELEMENTS
- fixed length control field: 221128|| aca||aabn | a|a d
040 ## - CATALOGING SOURCE
- Original cataloging agency: NUST
- Transcribing agency: NUST
100 ## - HEADING--PERSONAL NAME
- Personal name: Childers, Richard L
670 ## - SOURCE DATA FOUND
- Source citation: Work cat.: (NUST)180557: Robinson, Paul. 103654, Contemporary college physics / , c1993.
